000 00729nam a2200253Ia 4500
003 OSt
005 20220925204918.0
006 a|||||r|||| 00| 0
007 ta
008 220923b |||||||| |||| 00| 0 eng d
037 _cGeneral Book
040 _aRTL
_cRTL
_beng
041 _2eng
_aeng
082 _aY:3(P), L6
100 _aRollin Bernard E
245 0 _aNatural and conventional meaning
_b An examination of the distinction
260 _aHague
_bMouton
_c1976
300 _a112p
_ccm.
490 _aApproaches to Semiotics
500 _aBibliography P 108-12
650 _aSociology of Language
_9231513
942 _hY:3(P), L6
_cGB
_2CC
999 _c550778
_d550778